000 02283nab a2200265 a 4500
005 20250319162823.0
008 991125c2017 sp fr p o 000 0 spa d
035 _aUPN01000216808
040 _aUPN
_bspa
_cUPN
_eaacr2
049 _aART-E
100 1 _aMontiel Hernández, Mariana
_6- mmontiel@gsu.edu
245 1 0 _aUn experimento piloto sobre la enseñanza interdisciplinaria integrada a nivel universitario: matemáticas y música
_h[recurso electrónico en línea]
506 0 _aAcceso abierto
520 3 _aEn el presente trabajo se presenta un reporte y un análisis de una experiencia interdisciplinaria que se llevó a cabo a través de un programa especial de fomento a modelos de esta naturaleza. La propuesta de colaboración entre los cursos Análisis Postonal de la Escuela de Música de la Universidad Estatal de Georgia (GSU) en los Estados Unidos y Teoría Matemática de la Música del Departamento de Matemáticas y Estadística de la misma universidad, fue seleccionada en un concurso sobre el tema de enseñanza interdisciplinaria integrada por parejas. Este artículo consiste en una revisión de algunos antecedentes documentados de esta combinación particular a nivel universitario, una descripción de los contenidos de los dos cursos y de los participantes en este modelo piloto, así como en un análisis de datos recopilados al final del curso. Una entrevista colectiva fue videograbada y el análisis de la información en general fue llevado a cabo de acuerdo con un marco conceptual adaptado a esta combinación novedosa de disciplinas. Se buscó en todo momento que el análisis y las conclusiones se circunscribiesen a parámetros concretos para poder detectar, si fuera el caso, las características precisas de la colaboración que contribuyeran al realce de los procesos de aprendizaje y enseñanza en ambas disciplinas.
650 4 _913035
_aMatemáticas
650 0 _922498
_aMúsica
653 0 _aTeoría de grupos
653 0 _aEnfoque ontosemiótico
653 0 _aTeoría musical de conjuntos
773 _gVol. 15, no. 22 (2017), p. 1-23
_tForo de educación
_x0121-2753
856 4 _uhttps://www.forodeeducacion.com/ojs/index.php/fde/article/view/532
902 _aGloria Jiménez/1024
905 _aArticulo
942 _cART-E
999 _c188908
_d188908